LEADER 00853nam0-22003131i-450- 001 990007970440403321 005 20080204131747.0 010 $a88-17-86813-2 035 $a000797044 035 $aFED01000797044 035 $a(Aleph)000797044FED01 035 $a000797044 100 $a20041209d2001----km-y0itay50------ba 101 0 $aita 102 $aIT 105 $ay-------001yy 200 1 $aPiccola filosofia portatile$e101 esperimenti di pensiero quotidiano$fRoger-Pol Droit 210 $aMilano$cRizzoli$dc2001 215 $a235 p.$d19 cm 610 0 $aEsperienza 676 $a128.4 700 1$aDroit,$bRoger-Pol$0496538 801 0$aIT$bUNINA$gRICA$2UNIMARC 901 $aBK 912 $a990007970440403321 952 $aP.1 FG 1179$b43018$fFLFBC 959 $aFLFBC 996 $aPiccola filosofia portatile$9747687 997 $aUNINA LEADER 01407nam 2200385Ia 450 001 996396814503316 005 20221107212056.0 035 $a(CKB)4330000000354758 035 $a(EEBO)2269046411 035 $a(OCoLC)11216401 035 $a(EXLCZ)994330000000354758 100 $a19841001d1678 uy | 101 0 $aeng 135 $aurbn||||a|bb| 200 12$aA warning-piece to the sloathful, idle, careless, drunken and secure ones of these last and worst times$b[electronic resource] $ewherein the danger that attends everyone that delights in any of these vices may be avoided, and the reward of those that have their conversation in holinesse may be attained 210 $aLondon $cPrinted for William Thackeray ...$d1678 215 $a[45] p 300 $aReproduction of the original in the Harvard University Library. 330 $aeebo-0062 606 $aSins$vEarly works to 1800 606 $aVices$vEarly works to 1800 606 $aChristian ethics$vEarly works to 1800 615 0$aSins 615 0$aVices 615 0$aChristian ethics 700 $aHart$b John$cD.D.$0195672 801 0$bEAE 801 1$bEAE 801 2$bm/c 801 2$bUMI 801 2$bWaOLN 906 $aBOOK 912 $a996396814503316 996 $aA warning-piece to the sloathful, idle, careless, drunken and secure ones of these last and worst times$92300035 997 $aUNISA